LEADER 01152cam0-2200289 --450 001 9911062446303321 005 20260216142131.0 010 $a88-7047-036-9 100 $a20260216d1990----kmuy0itay5050 ba 101 0 $aita 102 $aIT 105 $aa 001yy 200 1 $a<>mondo delle piante: sec. 15.-19.$emostra di antiche edizioni a stampa ed erbari della Biblioteca dell'Accademia nazionale dei Lincei e Corsiniana$eMilano, Castello Sforzesco, Archivio storico civico e della Biblioteca Trivulziana, 13 novembre-9 dicembre 1990 210 $aRoma$cAbete$d1990 215 $a95 p.$cill.$d24 cm 300 $aCatalogo della mostra 610 0 $aRoma$aBiblioteca dell'Accademia nazionale dei Lincei e Corsiniana$aCataloghi 610 0 $aLibri illustrati di botanica$aSec. 15.-19.$aEsposizioni$a1990 676 $a016.58$v23$zita 712 02$aBiblioteca dell'Accademia nazionale dei Lincei e Corsiniana 801 0$aIT$bUNINA$gREICAT$2UNIMARC 901 $aBK 912 $a9911062446303321 952 $a016.58 BENG 1990$b00/0038/26$fFAGBC 959 $aFAGBC 996 $aMondo delle piante: sec. 15.-19$94543620 997 $aUNINA